ბათუმის შოთა რუსთაველის სახელმწიფო უნივერსიტეტის ბიბლიოთეკა

მოწმის ჩვენების ფსიქოლოგია / (ბიბ.ჩანაწერი № 59477)

000 -ლიდერი
ფიქსირებული სიგრძის საკონტროლო ველი 01038nam a22002417a 4500
003 - საკონტროლო ნომრის იდენტიფიკატორი
საკონტროლო ველი Ge_BSU
005 - ბოლო ოპერაციის თარიღი და დრო
საკონტროლო ველი 20230227161301.0
008 - ფიქსირებული სიგრძის მონაცემთა ელემენტები - ზოგადი ინფორმაცია
ფიქსირებული სიგრძის საკონტროლო ველი 230227s2003 ge ||||| |||| 00| 0 geo d
020 ## - წიგნის საერთაშორისო სტანდარტული ნომერი
International Standard Book Number 9992898372
041 ## - ენის კოდი
Language code of text/sound track or separate title geo
080 ## - უნივერსალური ათობითი კლასიფიკაციის ინდექსი
Universal Decimal Classification number 343.143+343.953 თ-80
100 ## - მთავარი ჩანაწერი - პიროვნების სახელი
Personal name თრენკელი, ერნ
9 (RLIN) 9299
245 ## - ცნობა სათაურის შესახებ
Title მოწმის ჩვენების ფსიქოლოგია /
Statement of responsibility, etc ერნ თრენკელი ; [ინგლ. თარგმნა გიორგი დოლიძემ].
264 ## - წარმოების, გამოცემის, დისტრიბუციის და სხვა ცნობები
გამოცემის, წარმოების, დისტრიბუციის... ადგილი თბილისი :
გამოცემის, წარმოების, დისტრიბუციის... სახელწოდება ბონა კაუზა,
გამოცემის, წარმოების, დისტრიბუციის... თარიღი 2003.
300 ## - ფიზიკური აღწერა
Extent 140 გვ. ;
Other physical details 20 სმ.
440 ## - სერიის ცნობა / დამატებულია ჩანაწერი - სათაური
International Standard Serial Number
9 (RLIN) 17057
490 ## - სერიის ცნობა
Series statement იურიდიული ფსიქოლოგია
653 ## - INDEX TERM--UNCONTROLLED
Uncontrolled term მოწმეთა ჩვენება
653 ## - INDEX TERM--UNCONTROLLED
Uncontrolled term იურიდიული (სასამართლო)
653 ## - INDEX TERM--UNCONTROLLED
Uncontrolled term ფსიქოლოგია.
700 ## - ADDED ENTRY--PERSONAL NAME
Personal name დოლიძე, გიორგი
Relator term მთარგმნელი
9 (RLIN) 9300
942 ## - ADDED ENTRY ELEMENTS (KOHA)
Source of classification or shelving scheme
Koha item type წიგნი
ეგზემპლარები
ჩამოწერის სტატუსი დაკარგული ეგზემპლარის სტატუსი კლასიფიკაციის წყარო ან თაროზე გაწყობის სქემა დაზიანების სტატუსი არ გაიცემა მუდმივი მდებარეობა (დაცვის ადგილი) ამჟამინდელი ადგილსამყოფელი თაროზე განთავსების ადგილი შეძენის თარიღი ღირებულება, შესყიდვის ნორმალური ფასი სრული შენახვის შიფრი შტრიხკოდი ბოლო ოპერაციის თარიღი ეგზემპლარის მიმდევრობითი ნომერი (კეტერი?) ფასის ძალაში შესვლის თარიღი ეგზემპლარის სახეობა საჯარო შენიშვნა
          ბათუმის შოთა რუსთაველის სახელმწიფო უნივერსიტეტის მთავარი ბიბლიოთეკა ბათუმის შოთა რუსთაველის სახელმწიფო უნივერსიტეტის მთავარი ბიბლიოთეკა წიგნსაცავი 2023-02-27 5.00 343.143+343.953 თ-80 63815 2023-02-27 63815 2023-02-27 წიგნი 5 ლ.